| 000 | 01078nam a22002535a 4500 | ||
|---|---|---|---|
| 003 | OSt | ||
| 005 | 20170313153741.0 | ||
| 008 | 160922s2011 xx frb 000 0 ara d | ||
| 015 | _a2011 / 16058 | ||
| 020 | _a9789777162944 | ||
| 040 |
_aEG-ScBUE _bara _cEG-ScBUE _dEG-ScBUE |
||
| 043 | _af-ua--- | ||
| 082 | 0 | 4 |
_a346.620488 _bع ب د _222 |
| 100 | 1 | _aعبد الرحمن، محمد سليمان محمد. | |
| 245 | 1 | 2 |
_aالحماية المقررة للعلامات والبيانات التجارية في القانون المصري واتفاقية ال TRIPS / _cمحمد سليمان محمد عبد الرحمن. |
| 250 | _aط. 1. | ||
| 260 |
_aُ[د. م. : _bد. ن.، _c2005] |
||
| 300 |
_a122 ص. ؛ _c24 سم. |
||
| 504 | _aيشتمل على إرجاعات ببليوجرافية. | ||
| 630 |
_a اتفاقية الجوانب المتصلة بالتجارة من حقوق الملكية الفكرية _d(1994) |
||
| 650 | 7 |
_2BUEsh _a العلامات التجارية _yقوانين وتشريعات _zمصر |
|
| 653 |
_bLLAAWW _cMarch2017 |
||
| 942 | _2ddc | ||
| 999 |
_c24412 _d24384 |
||